| 000 | 00537nam a2200193Ia 4500 | ||
|---|---|---|---|
| 008 | 151121s9999||||xx |||||||||||||| ||und|| | ||
| 082 | _a813 / पाध्ये | ||
| 082 | _bHNW-76984 | ||
| 100 | _aपाध्ये भाऊ | ||
| 245 | _aराडा | ||
| 260 | _b"अक्षर प्रकाशन, मुंबई।" | ||
| 260 | _c-- | ||
| 300 | _a127 | ||
| 600 | _aपाध्ये भाऊ | ||
| 630 | _aराडा | ||
| 700 | _aपाध्ये भाऊ | ||
| 730 | _aराडा | ||
| 942 | _cBOOK | ||
| 999 |
_c1258405 _d1258402 |
||